Science Quiz

Random Science or Letter Quiz

'B' Elements Quiz Stats

 Plays Quiz Updated Jul 11, 2013

Challenge
Share
Tweet
Embed
Score 0/7 Timer 01:00
1 Play Today
Element % Correct
boron
94.6%
beryllium
69.5%
barium
63%
bromine
52.5%
bismuth
48.6%
bohrium
30.1%
berkelium
28.1%

You're not logged in!

Compare scores with friends on all Sporcle quizzes.
Join for Free
OR
Log In

You Might Also Like...

Show Comments

Extras

Top Quizzes Today


Score Distribution

Your Account Isn't Verified!

In order to create a playlist on Sporcle, you need to verify the email address you used during registration. Go to your Sporcle Settings to finish the process.

Report this User

Report this user for behavior that violates our Community Guidelines.

Details: